Diario di un innocente

Saved in:
Bibliografiske detaljer
Hovedforfatter: Duvert Tony
Format: Bog
Sprog:ukendt sprog
Udgivet: Milano ES 1993
Tags: Tilføj Tag
Ingen Tags, Vær først til at tagge denne postø!

MARC

LEADER 00000nam a2200000Ia 4500
001 786
003 NUMERAZIONE-ORIGINALE-BRESCIA
005 20260206230754.0
008 260206s9999 xx 000 0 und d
100 |a Duvert Tony 
245 0 |a Diario di un innocente 
260 |a Milano 
260 |b ES 
260 |c 1993 
500 |a Biblioteca dell'eros 
942 |2 ddc  |c BK  |n 0 
952 |0 0  |1 0  |2 ddc  |4 0  |6 23  |7 0  |9 28670  |a BS  |b BS  |d 2026-02-06  |i 786  |l 0  |o 2-3-*  |r 2026-02-06 22:40:40  |w 2026-02-06  |x [REVISIONARE]  |y BK 
999 |c 24328  |d 24328